Experience with the Department of Commerce Voluntary Consumer Product Information Labeling Program.

Bibliographic Details
Corporate Author: United States. Department of Commerce
Format: Government Document Book
Language:English
Published: [Washington] : Dept. of Commerce, 1979.
Subjects:

MARC

Tag First Indicator Second Indicator Subfields
LEADER 00000cam a2200000 i 4500
001 in00000802424
005 20151017103838.0
008 791111s1979 dcua f00010 eng d
010 |a gp 80001891  
020 |c pbk. 
035 |a (OCoLC)05689864 
035 |9 ADT8303AM 
037 |b 20230 
040 |a GPO  |c GPO  |d UtOrBLW 
074 |a 128 
086 0 |a C 1.2:C 76/3 
110 1 |a United States.  |b Department of Commerce. 
245 1 0 |a Experience with the Department of Commerce Voluntary Consumer Product Information Labeling Program. 
264 1 |a [Washington] :  |b Dept. of Commerce,  |c 1979. 
300 |a approximately 100 pages in various paging :  |b illustrations ;  |c 28 cm. 
336 |a text  |b txt  |2 rdacontent 
337 |a unmediated  |b n  |2 rdamedia 
338 |a volume  |b nc  |2 rdacarrier 
500 |a Aug. 1979. 
650 0 |a Commercial products. 
650 0 |a Labels  |x Law and legislation  |z United States. 
999 |a MARS 
999 f f |s 33381e2e-4253-3845-9542-02fcc3834818  |i 97a7c881-f23a-3aa0-9358-3b9577d491e2  |t 0 
952 f f |p normal  |a Texas A&M University  |b College Station  |c Sterling C. Evans Library  |d Evans: US Documents (Annex 5th floor)  |t 0  |e C 1.2:C 76/3  |h Superintendent of Documents classification  |i unmediated -- volume  |m A14812760095 
998 f f |a C 1.2:C 76/3  |t 0  |l Evans: US Documents (Annex 5th floor)